| 000 | 01793cab a2200253 ab4500 | ||
|---|---|---|---|
| 005 | 20240123063544.0 | ||
| 008 | 991125c2013 ag fr p o 000 0 spa d | ||
| 035 | _aUPN01000198799 | ||
| 040 |
_aMX-MxUPN _bspa _cMX-MxUPN _eaacr2 |
||
| 049 | _aART-E | ||
| 100 | 1 |
_aSerrani, Daniel _944858 |
|
| 245 | 1 | 0 |
_aAlteración de la cognición social en la demencia fronto-temporal _h[recurso electrónico en línea] |
| 506 | 0 | _aAcceso abierto. | |
| 520 | 3 | _aEn el presente artículo se revisa el deterioro de cognición social (CS), reconocimiento de rostros y emociones, Teoría de la Mente (TM) y juicio moral en Demencia Frontotemporal variante frontal, y se comparan con psicopatías, trastorno de personalidad antisocial (TPA), demencia tipo Alzheimer (DTA) y Esquizofrenia (E). La DFT afecta casi todas las tareas de CS, correlaciona con atrofia cortical y reducción del metabolismo cerebral en lóbulos temporal y órbito frontal. Psicopatías y TPA sólo alteran el reconocimiento de las emociones. La DTA tiene déficits menos severos en tareas de reconocimiento de emociones y la E muestra déficits selectivos en TM pero no conductas psicopáticas. La DFT representa una enfermedad neurodegenerativa rápida, mientras que los trastornos psicopáticos y E son más lentos. Esta diferencia es importante para el patrón diferencial de deterioro clínico. | |
| 650 | 2 |
_aDemencia _95846 |
|
| 650 | 2 |
_aAlzheimer, Enfermedad de _92739 |
|
| 650 | 2 |
_aEsquizofrenia _915458 |
|
| 650 | 7 |
_aPsicopatología _2 _945619 |
|
| 653 | 0 | _aTRASTORNO ANTISOCIAL DE LA PERSONALIDAD | |
| 773 |
_gVol. 5, no. 2 (2013), p. 90-104 _tPsiencia : revista latinoamericana de ciencia psicológica |
||
| 856 | 4 | _uhttps://dialnet.unirioja.es/servlet/articulo?codigo=4821184 | |
| 905 | _aArticulo | ||
| 942 | _cART-E | ||
| 999 |
_c170900 _d170900 |
||